Sports in the Movies Quiz Stats

 Plays Quiz Updated Jan 22, 2015

Support Sporcle.
Go Orange.
Score 0/22 Timer 04:00
10 Plays Today
Film Titles Sport % Correct
Miracle / Mystery, Alaska / The Mighty DucksIce Hockey
96.9%
The Greatest Game Ever Played / Tin Cup / Happy GilmoreGolf
96.6%
Million Dollar Baby / Cinderella Man / Raging BullBoxing
95.7%
Invincible / The Program / Any Given SundayFootball
94.7%
The Natural / For Love of the Game / The RookieBaseball
94.1%
Balls Out / Match Point / WimbledonTennis
93.9%
Stroker Ace / Days of Thunder / Talladega NightsStock Car Racing
93.1%
The Cutting Edge / Ice Castles / Blades of GloryFigure Skating
92.7%
Dreamer / Phar Lap / SeabiscuitHorse Racing
91.7%
Glory Road / He Got Game / Semi-Pro Basketball
91.5%
Man of the House / Fired Up / Bring It OnCheerleading
87.2%
Film Titles Sport % Correct
Ready to Rumble / No Holds Barred / Nacho LibreProfessional Wrestling
86.4%
Kingpin / Racing with the Moon / The Big LebowskiBowling
84.7%
Mean Machine / Victory / The Big GreenSoccer
80.3%
Big Wednesday / Blue Crush / Point BreakSurfing
78.5%
Without Limits / Chariots of Fire / PrefontaineRunning
66.6%
Air Bud: Spikes Back / Sideout / Impact PointVolleyball
61.9%
American Anthem / Peaceful Warrior / Stick ItGymnastics
60.7%
Gleaming the Cube / Thrashin' / Lords of DogtownSkateboarding
55.7%
The Hustler / The Color of Money / StickmenBilliards
52.7%
J.W. Coop / Junior Bonner / 8 SecondsRodeo
38.9%
Breaking Away / American Flyers / The Flying ScotsmanCycling
24.9%

From the Vault

Trump's Cabinet

by jakem7796

History 5m
If you forget a name, try playing your Trump card.
Remove Ads.
Support Sporcle.
Get the best of Sporcle when you Go Orange. This ad-free experience offers more features, more stats, and more fun while also helping to support Sporcle. Thank you for becoming a member.

Show Comments

Extras

Top Quizzes Today


Score Distribution

Your Account Isn't Verified!

In order to create a playlist on Sporcle, you need to verify the email address you used during registration. Go to your Sporcle Settings to finish the process.

Report this User

Report this user for behavior that violates our Community Guidelines.

Details: